000 00280nam a22001337a 4500
008 170529b xxu||||| |||| 00| 0 eng d
020 _a1585900273
041 _aeng
080 _a62
100 _a25
101 _aIM
245 _aRURNING THE TIDE
_cWEIL.D
942 _2udc
_cBK
999 _c14859
_d14859